| 000 | 00590cam a2200229 4500 | ||
|---|---|---|---|
| 001 | M98360 | ||
| 008 | 090401t1999 xxu||||| |||| 00| 0 eng d | ||
| 035 | _a(Sirsi) u99877 | ||
| 041 | _aeng | ||
| 110 |
_aRoyal Institution of Chartered Surveyors _94900 |
||
| 245 | _aBreaking the Logjam | ||
| 260 |
_aLondon _bRoyal Institution of Chartered Surveyors _c1999 |
||
| 350 | _a0 | ||
| 490 |
_aRICS Policy Unit Submission _vPU/SUB/030 |
||
| 650 | _aCONGESTION | ||
| 650 | _aDETR | ||
| 650 | _aMOTORWAY | ||
| 650 | _aPARKING | ||
| 650 | _aTRANSPORT | ||
| 942 | _n0 | ||
| 948 | _c30/04/1999 | ||
| 999 |
_c99507 _d99507 |
||